000
00287nam a22001337a 4500
008
171005b xxu||||| |||| 00| 0 eng d
020
_a
9780674634428
041
_a
eng
080
_a
159.9
100
_a
49
101
_a
PSI
245
_a
ON HUMAN NATURE
_c
WILSON,E.O
942
_2
udc
_c
BK
999
_c
32046
_d
32046